What is the position of the letter in the Alphabet? - Statistics

General Stats
  • This quiz has been taken 211 times
  • The average score is 21 of 26
Answer Stats
Hint Answer % Correct
B 2
91%
A 1
90%
W 23
88%
Z 26
88%
C 3
88%
V 22
87%
D 4
87%
E 5
87%
J 10
84%
X 24
84%
Y 25
84%
S 19
82%
U 21
82%
F 6
82%
I 9
82%
O 15
81%
G 7
81%
H 8
81%
M 13
79%
R 18
79%
L 12
78%
T 20
78%
N 14
76%
K 11
75%
P 16
75%
Q 17
75%
No matching quizzes found
Score Distribution
Percent of People with Each Score
Percentile by Number Answered
Your Score History
You have not taken this quiz